Loading...
| Science - Chemistry | 0 | 8 | 0 | 0 | 80 | 58 | 78.63 | 0 | 3 | 24.38 | 46.79 |
| Science - Biology | 0 | 5 | 2 | 0 | 40 | 44 | 82.80 | 1 | 1 | 15.06 | 28.09 |
| Literature - World/Other | 0 | 3 | 0 | 1 | 30 | 89 | 108.00 | 0 | 1 | 6.52 | 10.45 |
| Philosophy | 0 | 3 | 1 | 0 | 25 | 90 | 100.67 | 0 | 0 | 5.28 | 11.36 |
| Science - Other | 0 | 3 | 1 | 0 | 25 | 79 | 84.33 | 0 | 1 | 8.26 | 17.73 |
| History - World | 0 | 2 | 0 | 1 | 20 | 90 | 112.50 | 0 | 0 | 2.60 | 3.86 |
| Literature - American | 0 | 2 | 0 | 1 | 20 | 129 | 130.50 | 0 | 0 | 1.22 | 4.77 |
| Science - Physics | 0 | 2 | 0 | 0 | 20 | 62 | 70.50 | 0 | 0 | 7.39 | 4.09 |
| Social Science | 0 | 1 | 0 | 0 | 10 | 27 | 27.00 | 0 | 1 | 6.96 | 7.95 |
| History - European | 0 | 1 | 0 | 0 | 10 | 96 | 96.00 | 0 | 0 | 2.86 | 4.04 |
| Literature - European | 0 | 1 | 0 | 0 | 10 | 104 | 104.00 | 0 | 0 | 1.70 | 3.03 |
| Mythology | 0 | 1 | 0 | 0 | 10 | 55 | 55.00 | 0 | 1 | 5.44 | 8.18 |
| Pop Culture | 0 | 1 | 0 | 0 | 10 | 75 | 75.00 | 0 | 0 | 15.73 | 23.33 |
| Geography/Current Events | 0 | 1 | 0 | 0 | 10 | 97 | 97.00 | 0 | 0 | 3.73 | 5.00 |
| Literature - British | 0 | 1 | 1 | 1 | 5 | 140 | 140.00 | 0 | 0 | -0.07 | 0.91 |
| History - Other | 0 | 1 | 1 | 0 | 5 | 108 | 108.00 | 0 | 0 | 1.48 | 5.45 |
| Religion | 0 | 1 | 1 | 0 | 5 | 56 | 56.00 | 1 | 1 | 5.26 | 9.09 |
| History - American | 0 | 0 | 1 | 0 | -5 | 0.00 | 0 | 0 | 0.00 | 0.00 |